[Event "Tingo Maria UNAS Semana Santa op"]
[Site "Tingo Maria"]
[Date "2012.04.07"]
[Round "8"]
[White "Vergara Pastor, Jorge Luis Braul"]
[Black "Maldonado Rivera, Walter Eduardo"]
[Result "0-1"]
[WhiteElo "1712"]
[BlackElo "1755"]
[PlyCount "95"]
[EventDate "2012.04.05"]
[EventType "swiss"]
[EventRounds "9"]
[EventCountry "PER"]
[SourceTitle "EXT 2014"]
[Source "ChessBase"]
[SourceDate "2013.11.20"]
[SourceVersion "1"]
[SourceVersionDate "2013.11.20"]
[SourceQuality "1"]

1. Nf3 Nf6 2. d4 g6 3. e3 Bg7 4. c4 d5 5. c5 b6 6. Bb5+ Bd7 7. Nc3 a6 8. Bxd7+ Qxd7 9. Ne5 Qd8 10. c6 Ne4 11. Nxe4 dxe4 12. Qg4 Bxe5 13. dxe5 Qd3 14. Qc8+ Qd8 15. Qxd8+ Kxd8 16. 0-0 Nxc6 17. Rd1+ Kc8 18. b3 Nxe5 19. Ba3 e6 20. Rac1 Kb7 21. Bb2 Nd3 22. Bxh8 Nxc1 23. Rxc1 Rxh8 24. h3 Rd8 25. a4 c5 26. Rc4 f5 27. Rc3 Kc6 28. b4 Rd5 29. bxc5 Rxc5 30. Rb3 b5 31. axb5+ Rxb5 32. Rc3+ Rc5 33. Ra3 a5 34. Kh2 Kb5 35. Rb3+ Ka6 36. g4 Rc4 37. gxf5 gxf5 38. Kg3 a4 39. Rb1 Rc3 40. Kf4 Rc2 41. Ke5 Rxf2 42. Kd6 Rc2 43. Rb8 Ka5 44. Ra8+ Kb4 45. Kxe6 f4 46. exf4 e3 47. f5 e2 48. f6 0-1